Words Coined in 1980 Quiz Stats

 Plays Quiz not verified by Sporcle

Score 0/25 Timer 04:00
0 Plays Today
% Correct
Islamophobic
93.2%
Walkman
92.9%
Air guitar
92.3%
Comb-over
90.4%
Cold call
89.9%
Carbo-loading
87.9%
Buffalo
87.1%
Ka-ching
86.6%
Aloe vera
86.3%
Foodie
84.9%
Super-max
79.5%
High-five
78.6%
Infotainment
77.8%
% Correct
Electronica
77.5%
Euro
76.2%
First Nation
69.9%
Gridlock
69.3%
Rubik's cube
67.4%
Chuffing
64.1%
Auto-completion
62.2%
Biotech
61.4%
Retronym
60.5%
Waitron
57.3%
Nimby
49%
Dobsonian
42.2%

You're not logged in!

Compare scores with friends on all Sporcle quizzes.
OR
Log In

Sporcle TV

Today on Sporcle TV


Watch our educational content, quiz creation guides, and fun videos on Sporcle TV.

Show Comments

Extras

Top Quizzes Today


Score Distribution

Your Account Isn't Verified!

In order to create a playlist on Sporcle, you need to verify the email address you used during registration. Go to your Sporcle Settings to finish the process.

Report this User

Report this user for behavior that violates our Community Guidelines.

Details: